Estudio bíblico creativo / (Record no. 28910)
[ view plain ]
| 000 -LEADER | |
|---|---|
| campo de control de longitud fija | 00982ntaaa2200301 4500 |
| 003 - IDENTIFICADOR DE NÚMERO DE CONTROL | |
| campo de control | 01 |
| 005 - FECHA Y HORA DE LA ÚLTIMA TRANSACCIÓN | |
| campo de control | 20251027203335.0 |
| 008 - DATOS DE LONGITUD FIJA--INFORMACIÓN GENERAL | |
| campo de control de longitud fija | 0714s1973 ag 01 |
| 020 ## - NÚMERO INTERNACIONAL ESTÁNDAR DEL LIBRO | |
| Número Internacional Estándar del Libro | 9789506832698 |
| 040 ## - FUENTE DE CATALOGACIÓN | |
| Centro catalogador/agencia de origen | AR-BaBN |
| Lengua de catalogación | spa |
| Centro/agencia transcriptor | AR-BaBN |
| Normas de descripción | aacr |
| Centro/agencia modificador | RIC |
| 082 ## - NÚMERO DE LA CLASIFICACIÓN DECIMAL DEWEY | |
| Número de clasificación | 220.07 L97 |
| 100 ## - ENTRADA PRINCIPAL--NOMBRE DE PERSONA | |
| Nombre de persona | Lum, Ada |
| 9 (RLIN) | 3054 |
| 245 ## - MENCIÓN DEL TÍTULO | |
| Título | Estudio bíblico creativo / |
| Mención de responsabilidad, etc. | Ada Lum, Ruth Siemens |
| 250 ## - MENCION DE EDICION | |
| Mención de edición | 2a ed. |
| 260 ## - PUBLICACIÓN, DISTRIBUCIÓN, ETC. | |
| Lugar de publicación, distribución, etc. | Buenos Aires : |
| Nombre del editor, distribuidor, etc. | Certeza Argentina, |
| Fecha de publicación, distribución, etc. | c2020 |
| 300 ## - DESCRIPCIÓN FÍSICA | |
| Extensión | 217 p. ; |
| Dimensiones | 24 cm. |
| 500 ## - NOTA GENERAL | |
| Nota general | Guías de estudio bíblico |
| 500 ## - NOTA GENERAL | |
| Nota general | Título original: Creative bible study |
| 500 ## - NOTA GENERAL | |
| Nota general | Ed. original en inglés: International Fellowship of Evangelical Students |
| 500 ## - NOTA GENERAL | |
| Nota general | Incluye apéndice |
| 505 ## - NOTA DE CONTENIDO CON FORMATO | |
| Título | I. Encuentros bíblicos |
| 505 ## - NOTA DE CONTENIDO CON FORMATO | |
| Título | II. Preparación de materiales para el estudio bíblico |
| 505 ## - NOTA DE CONTENIDO CON FORMATO | |
| Título | III. Cómo enseñar a otros a estudiar la Biblia |
| 650 ## - PUNTO DE ACCESO ADICIONAL DE MATERIA--TÉRMINO DE MATERIA | |
| Término de materia o nombre geográfico como elemento de entrada | ESTUDIO BIBLICO |
| 650 ## - PUNTO DE ACCESO ADICIONAL DE MATERIA--TÉRMINO DE MATERIA | |
| Término de materia o nombre geográfico como elemento de entrada | INTERPRETACION BIBLICA |
| 700 ## - ENTRADA AGREGADA--NOMBRE PERSONAL | |
| Nombre de persona | Siemens, Ruth |
| 9 (RLIN) | 34242 |
| 942 ## - ELEMENTOS DE ENTRADA SECUNDARIOS (KOHA) | |
| Tipo de ítem Koha | Colección General |
| Estatus retirado | Estado de pérdida | Estado de daño | No para préstamo | Biblioteca de origen | Biblioteca actual | Fecha de adquisición | Número de inventario | Total de préstamos | Signatura topográfica completa | Código de barras | Visto por última vez | Precio de reemplazo | Tipo de ítem Koha |
|---|---|---|---|---|---|---|---|---|---|---|---|---|---|
| Biblioteca Pluis | Biblioteca Pluis | 27/10/2025 | 045419 | 220.07 L97 | 045419 | 27/10/2025 | 27/10/2025 | Colección General |
